Welcome to CU Library Online Public Access Catalogue (OPAC)

Taking Sides: (Record no. 5464)

MARC details
000 -LEADER
fixed length control field 00607nam a22001937a 4500
005 - DATE AND TIME OF LATEST TRANSACTION
control field 20250414170323.0
008 - FIXED-LENGTH DATA ELEMENTS--GENERAL INFORMATION
fixed length control field 250414b |||||||| |||| 00| 0 eng d
020 ## - INTERNATIONAL STANDARD BOOK NUMBER
International Standard Book Number 9780072855319
050 ## - LIBRARY OF CONGRESS CALL NUMBER
Classification number GE170
Item number .T34 TAK
100 ## - MAIN ENTRY--PERSONAL NAME
Personal name Easton Thomas A.
245 ## - TITLE STATEMENT
Title Taking Sides:
Remainder of title Clashing views on Controversial Environmental Issues/
Statement of responsibility, etc. Thomas A. Easton & Theodore D. Goldfarb
250 ## - EDITION STATEMENT
Edition statement 10th Ed.
260 ## - PUBLICATION, DISTRIBUTION, ETC.
Place of publication, distribution, etc. Guilford
Name of publisher, distributor, etc. McGraw-Hill/Dushkin
Date of publication, distribution, etc. 2003
300 ## - PHYSICAL DESCRIPTION
Extent xxiii. 404p.
Other physical details ill.
Dimensions 22 cm
500 ## - GENERAL NOTE
General note Includes Index
650 ## - SUBJECT ADDED ENTRY--TOPICAL TERM
Source of heading or term Geography
700 ## - ADDED ENTRY--PERSONAL NAME
Personal name Goldfarb Theodore D.
942 ## - ADDED ENTRY ELEMENTS (KOHA)
Source of classification or shelving scheme Library of Congress Classification
Koha item type Books
Edition 10th Ed.
Suppress in OPAC No
999 ## -
-- 5464
-- 5464
Holdings
Withdrawn status Lost status Source of classification or shelving scheme Damaged status Not for loan Collection Home library Current library Shelving location Date acquired Total checkouts Full call number Barcode Date last seen Copy number Price effective from Koha item type
    Library of Congress Classification     Non-fiction Business Library (Miotso) Business Library (Miotso) General stacks 04/14/2025   GE170 .T34 TAK BSSM00001853 04/14/2025 1 04/14/2025 Books
    Library of Congress Classification     Non-fiction Business Library (Miotso) Business Library (Miotso) General stacks 04/14/2025   GE170 .T34 TAK BSSM00001854 04/14/2025 2 04/14/2025 Books
    Library of Congress Classification     Non-fiction Business Library (Miotso) Business Library (Miotso) General stacks 04/14/2025   GE170 .T34 TAK BSSM00001855 04/14/2025 3 04/14/2025 Books
© 2023-2024 Copyright: Central University Libraries. All Rights Reserved | Created by: Mahone Tech Office